<?xml version="1.0" encoding="UTF-8"?>
<record
    xmlns:xsi="http://www.w3.org/2001/XMLSchema-instance"
    xsi:schemaLocation="http://www.loc.gov/MARC21/slim http://www.loc.gov/standards/marcxml/schema/MARC21slim.xsd"
    xmlns="http://www.loc.gov/MARC21/slim">

  <leader>00566nam a2200181Ia 4500</leader>
  <controlfield tag="003">3228</controlfield>
  <controlfield tag="005">20250624123421.0</controlfield>
  <controlfield tag="008">210805s9999    xx            000 0 und d</controlfield>
  <datafield tag="020" ind1=" " ind2=" ">
    <subfield code="a">9780416165920</subfield>
    <subfield code="q">hbk</subfield>
  </datafield>
  <datafield tag="040" ind1=" " ind2=" ">
    <subfield code="a">RDA</subfield>
    <subfield code="c">3228</subfield>
  </datafield>
  <datafield tag="082" ind1=" " ind2=" ">
    <subfield code="a">EKF MILN</subfield>
  </datafield>
  <datafield tag="100" ind1=" " ind2=" ">
    <subfield code="a">Milne, A.A</subfield>
  </datafield>
  <datafield tag="245" ind1=" " ind2="0">
    <subfield code="a">Pooh goes visiting and pooh and piglet nearly catch a woozle</subfield>
    <subfield code="c">Illustrated by Ernest H. Shepard</subfield>
  </datafield>
  <datafield tag="260" ind1=" " ind2=" ">
    <subfield code="a">London:</subfield>
    <subfield code="b">Egmont Children Books;</subfield>
    <subfield code="c">1991.</subfield>
  </datafield>
  <datafield tag="300" ind1=" " ind2=" ">
    <subfield code="a">[Unnumbered]:</subfield>
    <subfield code="b">Colour illustrations;</subfield>
    <subfield code="c">14.5 cm.</subfield>
  </datafield>
  <datafield tag="490" ind1=" " ind2=" ">
    <subfield code="a">Winnie the pooh story books</subfield>
  </datafield>
  <datafield tag="942" ind1=" " ind2=" ">
    <subfield code="c">BOOK</subfield>
    <subfield code="2">ddc</subfield>
    <subfield code="y">162</subfield>
    <subfield code="z">Elsie Maluleke</subfield>
  </datafield>
  <datafield tag="999" ind1=" " ind2=" ">
    <subfield code="c">54057</subfield>
    <subfield code="d">54056</subfield>
  </datafield>
  <datafield tag="952" ind1=" " ind2=" ">
    <subfield code="0">0</subfield>
    <subfield code="1">0</subfield>
    <subfield code="2">ddc</subfield>
    <subfield code="4">0</subfield>
    <subfield code="7">0</subfield>
    <subfield code="a">MBOMRL</subfield>
    <subfield code="b">WHITL</subfield>
    <subfield code="c">FIC</subfield>
    <subfield code="d">2024-09-18</subfield>
    <subfield code="l">0</subfield>
    <subfield code="p">33228031162919</subfield>
    <subfield code="r">2024-09-18</subfield>
    <subfield code="w">2024-09-18</subfield>
    <subfield code="y">BK </subfield>
  </datafield>
  <datafield tag="952" ind1=" " ind2=" ">
    <subfield code="0">0</subfield>
    <subfield code="1">0</subfield>
    <subfield code="2">ddc</subfield>
    <subfield code="4">0</subfield>
    <subfield code="7">0</subfield>
    <subfield code="a">LYDEL</subfield>
    <subfield code="b">LEROL</subfield>
    <subfield code="d">2025-03-13</subfield>
    <subfield code="g">234.00</subfield>
    <subfield code="l">0</subfield>
    <subfield code="o">EKF MILN</subfield>
    <subfield code="p">3322803184997</subfield>
    <subfield code="r">2025-03-13</subfield>
    <subfield code="w">2025-03-13</subfield>
    <subfield code="y">BK </subfield>
  </datafield>
  <datafield tag="952" ind1=" " ind2=" ">
    <subfield code="0">0</subfield>
    <subfield code="1">0</subfield>
    <subfield code="2">ddc</subfield>
    <subfield code="4">0</subfield>
    <subfield code="7">0</subfield>
    <subfield code="8">F</subfield>
    <subfield code="a">MBOMRL</subfield>
    <subfield code="b">EMJIL</subfield>
    <subfield code="c">CHILD</subfield>
    <subfield code="d">2025-06-04</subfield>
    <subfield code="g">200.33</subfield>
    <subfield code="l">0</subfield>
    <subfield code="o">EKF MILN</subfield>
    <subfield code="p">33228031163568</subfield>
    <subfield code="r">2025-06-04</subfield>
    <subfield code="w">2025-06-04</subfield>
    <subfield code="y">BK </subfield>
  </datafield>
  <datafield tag="952" ind1=" " ind2=" ">
    <subfield code="0">0</subfield>
    <subfield code="1">0</subfield>
    <subfield code="2">ddc</subfield>
    <subfield code="4">0</subfield>
    <subfield code="7">0</subfield>
    <subfield code="8">F</subfield>
    <subfield code="a">MBOMRL</subfield>
    <subfield code="b">EMJIL</subfield>
    <subfield code="c">CHILD</subfield>
    <subfield code="d">2025-06-04</subfield>
    <subfield code="g">200.33</subfield>
    <subfield code="o">EKF MILN</subfield>
    <subfield code="p">33228031163567</subfield>
    <subfield code="r">2025-06-04</subfield>
    <subfield code="w">2025-06-04</subfield>
    <subfield code="y">BK </subfield>
  </datafield>
  <datafield tag="952" ind1=" " ind2=" ">
    <subfield code="0">0</subfield>
    <subfield code="1">0</subfield>
    <subfield code="2">ddc</subfield>
    <subfield code="4">0</subfield>
    <subfield code="7">0</subfield>
    <subfield code="a">LYDEL</subfield>
    <subfield code="b">LYDBL</subfield>
    <subfield code="c">FIC</subfield>
    <subfield code="d">2025-06-24</subfield>
    <subfield code="l">0</subfield>
    <subfield code="o">EKF MILN</subfield>
    <subfield code="p">3322803184218</subfield>
    <subfield code="r">2025-06-24</subfield>
    <subfield code="w">2025-06-24</subfield>
    <subfield code="y">BOOK</subfield>
  </datafield>
  <datafield tag="952" ind1=" " ind2=" ">
    <subfield code="0">0</subfield>
    <subfield code="1">0</subfield>
    <subfield code="2">ddc</subfield>
    <subfield code="4">0</subfield>
    <subfield code="7">0</subfield>
    <subfield code="a">MASHML</subfield>
    <subfield code="b">MASHML</subfield>
    <subfield code="c">CHILD</subfield>
    <subfield code="d">2025-09-01</subfield>
    <subfield code="l">0</subfield>
    <subfield code="o">EKF MILN</subfield>
    <subfield code="p">3228200024968</subfield>
    <subfield code="r">2025-09-01</subfield>
    <subfield code="w">2025-09-01</subfield>
    <subfield code="y">BOOK</subfield>
  </datafield>
  <datafield tag="952" ind1=" " ind2=" ">
    <subfield code="0">0</subfield>
    <subfield code="1">0</subfield>
    <subfield code="2">ddc</subfield>
    <subfield code="4">0</subfield>
    <subfield code="7">0</subfield>
    <subfield code="8">F</subfield>
    <subfield code="a">MBOMRL</subfield>
    <subfield code="b">SOMUL</subfield>
    <subfield code="c">CHILD</subfield>
    <subfield code="d">2025-10-13</subfield>
    <subfield code="g">200.00</subfield>
    <subfield code="l">0</subfield>
    <subfield code="o">EKF MILN</subfield>
    <subfield code="p">3228200071497</subfield>
    <subfield code="r">2025-10-13</subfield>
    <subfield code="w">2025-10-13</subfield>
    <subfield code="y">BOOK</subfield>
  </datafield>
  <datafield tag="952" ind1=" " ind2=" ">
    <subfield code="0">0</subfield>
    <subfield code="1">0</subfield>
    <subfield code="2">ddc</subfield>
    <subfield code="4">0</subfield>
    <subfield code="7">0</subfield>
    <subfield code="8">F</subfield>
    <subfield code="a">MBOMRL</subfield>
    <subfield code="b">MBOML</subfield>
    <subfield code="c">CHILD</subfield>
    <subfield code="d">2025-11-06</subfield>
    <subfield code="g">200.00</subfield>
    <subfield code="l">0</subfield>
    <subfield code="o">EKF MILN</subfield>
    <subfield code="p">3322803165772</subfield>
    <subfield code="r">2025-11-06</subfield>
    <subfield code="w">2025-11-06</subfield>
    <subfield code="y">BOOK</subfield>
  </datafield>
</record>
